| 000 | 00525nam a2200217Ia 4500 | ||
|---|---|---|---|
| 003 | OSt | ||
| 005 | 20221006152409.0 | ||
| 006 | a|||||r|||| 00| 0 | ||
| 007 | ta | ||
| 008 | 221006b |||||||| |||| 00| 0 eng d | ||
| 024 | _a27,092 | ||
| 037 | _cBound Volumes | ||
| 040 |
_aEASL _cEASL _beng |
||
| 041 |
_2eng _aeng |
||
| 245 | 0 | _aHistory and Theory | |
| 260 |
_aMiddletown _bWesleyen University Press _c0000 |
||
| 300 |
_ap. _ccm. |
||
| 490 | _v 9,11,12 | ||
| 942 |
_cCR _2CC |
||
| 999 |
_c1095178 _d1095178 |
||